000
00205 a2200097 4500
001
26571
100
_a
Melsa, J.L
245
_a
Non linear programming
260
_a
_b
Merrill
_c
1976
090
_c
17868
_d
17868
942
_a
NUST-CAE
_c
M
_c
8744
999
_c
261644
_d
261644